Представление документа в формате RUSMARC

ПолеНазваниеЗначение
  Тип записи k
  Библиографический уровень m
001 Контрольный номер RU/SLIB/B/208726904
005 Дата корректировки 20230711123504.5
010 Индекс ISBN __
d Цена 0-00
101 Язык документа 0_
a Язык текста rus
c Язык оригинала rus
200 Заглавие и сведения об ответственности 1_
a Заглавие Мосты и набережные Ленинграда
b Общее обозначение материала Изоматериал
210 Выходные данные __
a Место издания Л.
c Издательство АПН
d Дата издания [19--]
215 Физическое описание __
a Объем 1 ндп (12 дп), в кор.
c Иллюстрации/тип воспроизводства цв.
327 Примечание о содержании __
a Примечание о содержании Верхне-Лебяжий мост
327 Примечание о содержании __
a Примечание о содержании Банковский мост
327 Примечание о содержании __
a Примечание о содержании Володарский мост
327 Примечание о содержании __
a Примечание о содержании Мост Ломоносова
327 Примечание о содержании __
a Примечание о содержании Кировский мост
327 Примечание о содержании __
a Примечание о содержании Мост Пестеля
327 Примечание о содержании __
a Примечание о содержании Театральный и Мало-Конюшенный мосты
327 Примечание о содержании __
a Примечание о содержании Дворцовый мост
327 Примечание о содержании __
a Примечание о содержании Львиный мостик
327 Примечание о содержании __
a Примечание о содержании Вид на Дворцовую набережную
327 Примечание о содержании __
a Примечание о содержании Пристань со сфинксами
327 Примечание о содержании __
a Примечание о содержании Адмиралтейская набережная
605 Заглавие как предмет __
a Заглавие Верхне-Лебяжий мост
605 Заглавие как предмет __
a Заглавие Банковский мост
605 Заглавие как предмет __
a Заглавие Володарский мост
605 Заглавие как предмет __
a Заглавие Мост Ломоносова
605 Заглавие как предмет __
a Заглавие Кировский мост
605 Заглавие как предмет __
a Заглавие Мост Пестеля
605 Заглавие как предмет __
a Заглавие Театральный мост
605 Заглавие как предмет __
a Заглавие Мало-Конюшенный мост
605 Заглавие как предмет __
a Заглавие Дворцовый мост
605 Заглавие как предмет __
a Заглавие Львиный мостик
605 Заглавие как предмет __
a Заглавие Дворцовая набережная
605 Заглавие как предмет __
a Заглавие Пристань со сфинксами
605 Заглавие как предмет __
a Заглавие Адмиралтейская набережная
606 Тематические рубрики __
a Основная рубрика Изобразительное искусство и архитектура
606 Тематические рубрики __
a Основная рубрика История архитектуры
z Хронологическая подрубрика 18 в.; 19 в.; 20 в.
y Географическая подрубрика Россия; Санкт-Петербург; Ленинград
610 Ключевые слова __
a Ключевые слова города; набережные; мосты; история городов; архитектурные сооружения
686 Индексы других классификаций __
a Классификационный индекс ст85.113(2-2Санкт-Петербург)я0
801 Источник записи _0
a Страна RU
b Организация Муниципальное бюджетное учреждение культуры "Централизованная библиотечная система" г. Сургут (Центральная городская библиотека им. А. С. Пушкина)
g Правила каталогизации ММ/Пронина
801 Источник записи _1
a Страна RU
b Организация Муниципальное бюджетное учреждение культуры "Централизованная библиотечная система" г. Сургут (Центральная городская библиотека им. А. С. Пушкина)
g Правила каталогизации ММ/Пронина
852 Данные о местонахождении __
j Шифр хранения ст85.113(2-2Санкт-Петербург)я0
c Каталожный индекс 85.113(2-2Санкт-Петербург)1я04
i Авторский знак М 84
p Инвентарный номер Б/Н
901 Тип документа __
t Тип документа m
903 Характеристики (МАРС) __
a Дата передачи 20081219; 20020522
969 Тип издания __
a Тип издания диафильм
990 Данные о заказе (DOS) __
h N записи в КСУ для Б/У (DOS) 200207
j Количество экземпляров (DOS) 1